[Event "09 - ECS x BRP"]
[Site "http://www.queenalice.com/game.php?id=741989"]
[Date "2010.3.6"]
[Round "-"]
[White "ecsousa"]
[Black "brpaschoal"]
[Result "0-1"]
[WhiteElo "1293"]
[BlackElo "1767"]

1. e4 e5 2. c4 Bc5 3. Nf3 d6 4. a3 Nf6 5. b4 Bd4 6. Nxd4 exd4 7. Bb2 Nxe4 8. Qe2
Bf5 9. g4 Bg6 10. d3 Qe7 11. dxe4 Bxe4 12. Rg1 d3 13. Qe3 O-O 14. Kd1 Nc6 15.
Bxd3 Bxd3 16. Qxd3 Qh4 17. Rg2 Ne5 18. Bxe5 dxe5 19. Nd2 Qf6 20. Ne4 Qf4 21. h4
Rad8 22. Qd5 Rxd5+ 23. cxd5 Qf3+ 0-1

[Event "Challenge"]
[Site "http://www.queenalice.com/game.php?id=745822"]
[Date "2010.3.14"]
[Round "-"]
[White "taty"]
[Black "ecsousa"]
[Result "0-1"]
[WhiteElo "936"]
[BlackElo "1322"]

1. e3 e5 2. Nc3 Nf6 3. Bc4 Ng4 4. Qxg4 d6 5. Nd5 Be6 6. Qe4 f5 7. Nf6+ Qxf6 8.
Qxb7 Bxc4 9. Qxa8 Qd8 10. Qxa7 d5 11. Qa4+ Qd7 12. Qa5 Nc6 13. Qa8+ Qd8 14.
Qxc6+ Qd7 15. Qb7 f4 16. d3 c6 17. Qb8+ Qd8 18. Qxe5+ Qe7 19. Qxf4 g5 0-1

[Event "TK2 - CaXA"]
[Site "http://www.queenalice.com/game.php?id=757063"]
[Date "2010.4.6"]
[Round "1"]
[White "ecsousa"]
[Black "faelgalodoido"]
[Result "1-0"]
[WhiteElo "1294"]
[BlackElo "1397"]

1. e4 e5 2. Bc4 Qg5 3. d3 Qxg2 4. Qf3 Qxf3 5. Nxf3 h6 6. Nxe5 f6 7. Ng6 b5 8.
Nxh8 Nc6 9. Bf7+ Ke7 10. Bxg8 Nb4 11. Na3 Kd8 12. Bd5 c6 13. Bb3 Bb7 14. O-O Kc7
15. Bd2 Na6 16. Nb1 Bc5 17. Nf7 h5 18. Bf4+ d6 19. Nd2 g5 20. Be3 Rg8 21. Nxd6
Rg6 22. Bf7 Rh6 23. Nf5 Rh7 24. Bxc5 Nxc5 25. Bg8 Rd7 26. Rfe1 g4 27. e5 Rd8 28.
Ne7 h4 29. exf6 Rf8 30. f7 Nd7 31. Ne4 Kb6 32. Ng6 h3 33. Nd6 Nf6 34. Nxf8 c5
35. Nd7+ Nxd7 36. f8=Q Nxf8 37. Re8 Ng6 38. Rae1 Bc6 39. Nc8+ Ka5 40. R8e6 Bd5
41. Rxg6 Bf3 42. Re5 Kb4 43. Rgg5 Be2 44. Rxe2 c4 45. dxc4 a5 46. c5 a4 47. a3+
Ka5 48. b4+ axb3 49. cxb3 b4 50. c6+ Ka6 51. Bc4# 1-0

[Event "vamos ver quem é o pato!"]
[Site "http://www.queenalice.com/game.php?id=762004"]
[Date "2010.4.16"]
[Round "-"]
[White "faelgalodoido"]
[Black "ecsousa"]
[Result "1-0"]
[WhiteElo "1388"]
[BlackElo "1347"]

1. e4 e5 2. a3 Nf6 3. Nc3 Bc5 4. Bc4 O-O 5. d3 a6 6. Qf3 b5 7. Ba2 d6 8. Nh3
Bxh3 9. Qxh3 g5 10. Bxg5 b4 11. axb4 Bxb4 12. Bh6 Bxc3+ 13. bxc3 Re8 14. Qg3+
1-0

[Event "ECSOUSA X DLELES"]
[Site "http://www.queenalice.com/game.php?id=762005"]
[Date "2010.4.16"]
[Round "-"]
[White "dandahud"]
[Black "ecsousa"]
[Result "1-0"]
[WhiteElo "1446"]
[BlackElo "1333"]

1. e4 e5 2. Qh5 Qf6 3. d3 g6 4. Qh3 Bc5 5. Be3 Bxe3 6. Qxe3 Nc6 7. c3 d6 8. Na3
b5 9. Nxb5 Qe7 10. O-O-O a6 11. Na3 Rb8 12. d4 Nf6 13. d5 Na5 14. b4 Nb7 15. Qa7
Qd7 16. Qxb8 Nxe4 17. Bxa6 Nxc3 18. Kc2 Nxd1 19. Bb5 Kd8 20. Bxd7 Kxd7 21. Kxd1
Nd8 22. Nb5 Ne6 23. dxe6+ fxe6 24. Qxc7+ 1-0

[Event "Challenge"]
[Site "http://www.queenalice.com/game.php?id=773000"]
[Date "2010.5.8"]
[Round "-"]
[White "ecsousa"]
[Black "dandahud"]
[Result "0-1"]
[WhiteElo "1335"]
[BlackElo "1510"]

1. e4 e5 2. Qh5 Qf6 3. Bc4 g6 4. Qh3 Bc5 5. Nf3 Nc6 6. d3 d5 7. Qh4 Nb4 8. Qxf6
Nxf6 9. Bb5+ c6 10. Ba4 b5 11. Bb3 Ng4 12. h3 Nh6 13. Bxh6 a5 14. a4 f6 15. Nc3
Bd4 16. Bg7 Rg8 17. Bxf6 Be6 18. axb5 Rf8 19. Bxe5 c5 20. Bxd5 Bxd5 21. exd5
Bxe5 22. O-O Bf4 23. Rae1+ Kd7 24. g3 Bd6 25. Nd4 cxd4 26. Ne4 Bc7 27. Nc5+ Kd6
28. Ne6 Rf5 29. g4 Rxd5 30. Nf4 Rxb5 31. Re6+ Kd7 32. Rfe1 Bxf4 33. Re7+ Kd6 34.
R1e6+ Kc5 35. Rf7 Rb6 36. Re4 Bd6 37. Rxh7 Nxc2 38. Rh6 Bc7 39. Re7 Bf4 40. h4
Bxh6 0-1

[Event "Challenge"]
[Site "http://www.queenalice.com/game.php?id=773002"]
[Date "2010.5.8"]
[Round "-"]
[White "ecsousa"]
[Black "faelgalodoido"]
[Result "1-0"]
[WhiteElo "1324"]
[BlackElo "1511"]

1. e4 e5 2. Qh5 Nf6 3. Qxe5+ Be7 4. Bc4 Nc6 5. Qg5 g6 6. Nf3 Nxe4 7. Qf4 Nf6 8.
Nc3 d6 9. d4 O-O 10. Bd5 Nb4 11. Qd2 Bf5 12. Be4 d5 13. Bxf5 gxf5 14. Qg5+ Kh8
15. Qxf5 Qe8 16. O-O Rg8 17. Ng5 Rg7 18. a3 Nc6 19. Qh3 a6 20. Qh6 Nxd4 21. Be3
Nxc2 22. Rad1 Rg6 23. Qh3 Ng8 24. Qxh7# 1-0

[Event "Challenge"]
[Site "http://www.queenalice.com/game.php?id=781080"]
[Date "2010.5.26"]
[Round "-"]
[White "Gesundheitengefangnis"]
[Black "ecsousa"]
[Result "1-0"]
[WhiteElo "1549"]
[BlackElo "1347"]

1. e4 e5 2. Nf3 d6 3. Bc4 Nh6 4. O-O Bg4 5. h3 Bxf3 6. Qxf3 Nc6 7. d3 Nd4 8. Qd1
g5 9. Qh5 Nxc2 10. Bxg5 Qd7 11. Bxh6 Nxa1 12. f4 Bxh6 13. Qxh6 b5 14. Bd5 Nc2
15. Bxa8 c6 16. Rc1 Nd4 17. Nd2 Qc8 18. Qxd6 Ne2+ 19. Kh2 Nxc1 20. Bxc6+ Qd7 21.
Qxd7+ Kf8 22. Bd5 Kg7 23. Qxf7+ Kh6 24. Qf6+ 1-0

[Event "Challenge"]
[Site "http://www.queenalice.com/game.php?id=781081"]
[Date "2010.5.26"]
[Round "-"]
[White "ecsousa"]
[Black "Gesundheitengefangnis"]
[Result "1-0"]
[WhiteElo "1337"]
[BlackElo "1557"]

1. e4 e5 2. Qh5 Qf6 3. Nf3 Bc5 4. Bc4 g6 5. Qg5 Qd6 6. Nxe5 f6 7. Qh4 Qxe5 8.
Bxg8 Rxg8 9. c3 d6 10. d4 Bxd4 11. cxd4 Qxd4 12. O-O Nc6 13. Qxh7 Ne7 14. Be3
Qxb2 15. Nd2 f5 16. Bg5 Qe5 17. Nc4 Qe6 18. Bxe7 Qxc4 19. Rac1 Qf7 20. Qxf7+
Kxf7 21. Rxc7 fxe4 22. Bxd6+ Kf6 23. f3 e3 24. g4 e2 25. Re1 Re8 26. Kf2 b6 27.
Rxe2 Re6 28. Rd2 Ba6 29. Rd5 Rae8 30. g5# 1-0

[Event "Challenge"]
[Site "http://www.queenalice.com/game.php?id=796245"]
[Date "2010.6.28"]
[Round "-"]
[White "faelgalodoido"]
[Black "ecsousa"]
[Result "1-0"]
[WhiteElo "1547"]
[BlackElo "1360"]

1. d4 d5 2. Nc3 e6 3. Bf4 Bb4 4. a3 Bxc3+ 5. bxc3 g5 6. Be5 f6 7. Bg3 h5 8. h3
h4 9. Bh2 Nc6 10. e3 Nh6 11. Bb5 g4 12. hxg4 Nxg4 13. Nf3 a6 14. Bxc6+ bxc6 15.
Qd3 Rb8 16. Qg6+ Kd7 17. Qxg4 Rg8 18. Qf4 Ke8 19. Qxh4 Rxg2 20. Qh8+ Ke7 21.
Qh7+ Kf8 22. O-O-O Rg7 23. Qh8+ Rg8 24. Qh6+ Ke8 25. Qh5+ Kf8 26. Rdg1 Rxg1+ 27.
Rxg1 Ke7 28. Rg7+ 1-0

[Event "TK2 - CaXA"]
[Site "http://www.queenalice.com/game.php?id=804713"]
[Date "2010.7.17"]
[Round "2"]
[White "laoziller"]
[Black "ecsousa"]
[Result "1-0"]
[WhiteElo "1835"]
[BlackElo "1362"]

1. e4 e5 2. Nf3 d6 3. h3 a6 4. Bc4 b5 5. Bb3 b4 6. d3 c5 7. Bd5 Ra7 8. c3 bxc3
9. Nxc3 Bb7 10. Qb3 Bxd5 11. Qxd5 Nh6 12. Qc4 Nc6 13. Nd5 Na5 14. Qa4+ Rd7 15.
Bd2 Nb7 16. Qxa6 Be7 17. Qb5 O-O 18. Bxh6 gxh6 19. O-O Na5 20. Qa4 Rb7 21. Rab1
Bg5 22. b4 cxb4 23. Rxb4 Rxb4 24. Nxb4 Bf4 25. Nd5 Nb7 26. Qc6 Nc5 27. Nb4 f5
28. Qd5+ Kh8 29. g3 Bg5 30. Nxe5 Rf6 31. Nf7+ Rxf7 32. Qxf7 Bd2 33. a3 Bxb4 34.
axb4 Nxd3 35. Qxf5 Nxb4 36. Rb1 Nc2 37. Rb7 Nd4 38. Qxh7# 1-0

[Event "10 - BRP x ECS"]
[Site "http://www.queenalice.com/game.php?id=805041"]
[Date "2010.7.18"]
[Round "-"]
[White "brpaschoal"]
[Black "ecsousa"]
[Result "1-0"]
[WhiteElo "1733"]
[BlackElo "1339"]

1. e4 e5 2. Nf3 d6 3. h3 h6 4. Bc4 Be6 5. Bxe6 fxe6 6. d3 Nc6 7. O-O Be7 8. Nc3
Bg5 9. Nb5 a6 10. Bxg5 hxg5 11. Nxg5 axb5 12. Nxe6 Qe7 13. Qg4 Rh6 14. Nxg7+ Kf8
15. Nf5 Nf6 16. Nxe7 Nxg4 17. Nf5 Rg6 18. hxg4 Rxg4 19. f3 Rg5 20. Kf2 Kf7 21.
Rh1 Ne7 22. Rh7+ Rg7 23. Rxg7+ Kf6 24. Rxe7 1-0

[Event "Challenge"]
[Site "http://www.queenalice.com/game.php?id=814711"]
[Date "2010.8.7"]
[Round "-"]
[White "Gesundheitengefangnis"]
[Black "ecsousa"]
[Result "1-0"]
[WhiteElo "1557"]
[BlackElo "1351"]

1. e4 e5 2. Nf3 d6 3. Bc4 Be6 4. d3 Bxc4 5. Rg1 Bb5 6. c4 Ba6 7. b3 b5 8. Nfd2
bxc4 9. bxc4 d5 10. cxd5 Bxd3 11. Qf3 Bxb1 12. Rxb1 c6 13. Ke2 g6 14. Rb7 Nh6
15. Nc4 cxd5 16. Bxh6 Nd7 17. Bxf8 Rxf8 18. exd5 Qc8 19. Nd6+ Ke7 20. Nxc8+
Raxc8 21. d6+ Ke8 22. Qg4 f5 23. Qh4 Nc5 24. Qe7# 1-0

[Event "Challenge"]
[Site "http://www.queenalice.com/game.php?id=815105"]
[Date "2010.8.8"]
[Round "-"]
[White "ecsousa"]
[Black "Gesundheitengefangnis"]
[Result "0-1"]
[WhiteElo "1343"]
[BlackElo "1546"]

1. e4 e5 2. Nf3 Nc6 3. b3 Bc5 4. a3 d6 5. b4 Bd4 6. c3 Bb6 7. d3 Bg4 8. Be2 Nf6
9. Bg5 O-O 10. Nh4 Bxf2+ 11. Kxf2 Nxe4+ 12. dxe4 Qxg5 13. g3 Bh3 14. Nf3 Qg6 15.
Qd2 f5 16. Nh4 fxe4+ 17. Ke1 Qe6 18. Bf1 Bg4 19. h3 Bf3 20. Nxf3 Rxf3 21. a4 e3
22. Qe2 Raf8 23. Nd2 Rxg3 24. Nc4 Rf2 25. Qxf2 exf2+ 26. Kxf2 Rxc3 27. Rg1 Qf5+
28. Kg2 Qxh3+ 29. Kf2 Qf3+ 30. Ke1 Nd4 31. Nd2 Re3+ 32. Be2 Qxe2# 0-1

[Event "Challenge"]
[Site "http://www.queenalice.com/game.php?id=831039"]
[Date "2010.9.10"]
[Round "-"]
[White "blackwolf"]
[Black "ecsousa"]
[Result "1-0"]
[WhiteElo "1914"]
[BlackElo "1326"]

1. d4 d5 2. c4 Nf6 3. Nc3 Be6 4. Nf3 dxc4 5. e4 Bg4 6. Bxc4 e6 7. O-O Bxf3 8.
gxf3 Nh5 9. Qa4+ Nd7 10. Kh1 c6 11. d5 b5 12. Nxb5 cxb5 13. Bxb5 a6 14. Bc6 f5
15. Bxa8 Qxa8 16. dxe6 Nf6 17. exd7+ Nxd7 18. Re1 Kd8 19. Bg5+ Nf6 20. Red1+ Kc7
21. Rac1+ Kb7 22. Qb3+ Ka7 23. Rc7+ 1-0

[Event "Challenge"]
[Site "http://www.queenalice.com/game.php?id=831040"]
[Date "2010.9.10"]
[Round "-"]
[White "ecsousa"]
[Black "blackwolf"]
[Result "0-1"]
[WhiteElo "1324"]
[BlackElo "1926"]

1. e4 c5 2. Bc4 e6 3. d3 g6 4. Nf3 Bg7 5. Bg5 Ne7 6. Bxe7 Qxe7 7. Nc3 a6 8. e5
O-O 9. Qd2 Nc6 10. a3 b5 11. Bb3 Nxe5 12. Nxe5 Bxe5 13. Nd1 Bb7 14. f4 Bg7 15.
c4 d5 16. cxd5 exd5+ 17. Qe2 Qxe2+ 18. Kxe2 c4 19. dxc4 dxc4 20. Bc2 Bxg2 21.
Rg1 Rfe8+ 22. Ne3 Be4 23. Bxe4 Rad8 24. Rad1 Bxb2 25. Rxd8 Rxd8 26. Rd1 Rxd1 27.
Nxd1 Bxa3 28. Bc2 Kg7 29. Nc3 Bd6 30. h4 Bxf4 31. Nd5 Bd6 32. Kd1 Bg3 33. Nb4 a5
34. Na2 Bxh4 35. Nc3 b4 36. Na4 c3 37. Ke2 f5 38. Ke3 Bg5+ 39. Kf3 Kf6 40. Bb3
Ke5 41. Bd1 h6 42. Kg3 f4+ 43. Kg4 Kd4 44. Bc2 Ke3 45. Bxg6 Kd2 46. Kh5 c2 47.
Bxc2 Kxc2 48. Kg4 b3 0-1

[Event "11 - ECS x BRP"]
[Site "http://www.queenalice.com/game.php?id=848825"]
[Date "2010.10.21"]
[Round "-"]
[White "ecsousa"]
[Black "brpaschoal"]
[Result "0-1"]
[WhiteElo "1322"]
[BlackElo "1749"]

1. e4 e5 2. Nf3 Nc6 3. Nc3 Bc5 4. Qe2 Nf6 5. d3 d6 6. h3 h6 7. Be3 Nd4 8. Qd1
O-O 9. a3 Be6 10. b4 Bb6 11. Na4 c5 12. Bxd4 cxd4 13. c4 dxc3 14. Nxc3 Rc8 15.
Nb5 a6 16. d4 axb5 17. dxe5 Nxe4 18. Ra2 Bxa2 19. Qa1 Bxf2+ 20. Ke2 Bc4+ 21. Kd1
dxe5+ 22. Kc1 Bxf1+ 23. Kb2 Bd4+ 24. Kb1 Bd3+ 0-1